| 000 | 00393nam a2200133Ia 4500 | ||
|---|---|---|---|
| 008 | 220217s9999||||xx |||||||||||||| ||und|| | ||
| 020 | _a81-7808-103-2 | ||
| 082 | _a005.1 AHOaaa | ||
| 100 | _aAho, Alfred, V. Hopcroft, John E. etal | ||
| 245 | 0 | _aDesign and analysis of computer algorithms | |
| 260 |
_aaddison Weisley _bHarlow _c2001 |
||
| 300 | _b260 | ||
| 650 | _aPROGRAMMING LANGUAGE | ||
| 999 |
_c166584 _d166584 |
||